00391nam a2200157Ia 4500008004100000020001800041082001300059100001600072245003300088250000600121260003700127300001600164500002500180650001500205700001300220230524s9999 xx 000 0 und d a9789381075357 a621bISR aA.R. Israni 0aBasic Mechanical Engineering a1 aHyderabadbBS Publicationc2011 a"XXI,641p;" aQuantity Number: 50 aMECHANICAL aP.K.Shah